00422nam a2200157Ia 45000010006000000050017000060080041000230410008000640820016000721000034000882450085001222600009002073000032002166500008002486540008002561450120260306164919.0260306t2019||||xx |||||||||||||| ||spa|| aESP a515.15bA66 aArancibia Carvajal, SaraeAUT 0aCálculo 1:bpotenciando el pensamiento crítico a través de la matemática c2019 axx, 656 páginas :c27 cm. aGEN aCMA